| 000 | 00617nam a22001575i 4500 | ||
|---|---|---|---|
| 001 | 162544 | ||
| 003 | ES-MaACL | ||
| 005 | 20230906212541.0 | ||
| 008 | 940301s1836 sp |||| | spa d | ||
| 040 |
_aAS _bspa |
||
| 100 | 1 |
_aPresas, José. _9131352 |
|
| 245 | 1 | 0 |
_aCronología de los sucesos más memorables ocurridos en todo el ámbito de la monarquía española _b: desde el año 1759 hasta 1836 / _cpor José Presas. |
| 260 |
_aMadrid : _b[s.n.], _c1836 ( _fImprenta de don M. Calero) |
||
| 300 |
_aXV, 177 p. ; _c16 cm. |
||
| 852 |
_aES-MaACL _jD-3835(1) _z-- Enc. piel verde _z-- Legado de Modesto de la Fuente |
||
| 999 |
_c162544 _d162544 |
||